Nelson mathematics 2 and 3 :for Cambridge International A Level: (Record no. 788)

MARC details
000 -LEADER
fixed length control field 00752nam a22002417a 4500
005 - DATE AND TIME OF LATEST TRANSACTION
control field 20231107080559.0
008 - FIXED-LENGTH DATA ELEMENTS--GENERAL INFORMATION
fixed length control field 231107b |||||||| |||| 00| 0 eng d
020 ## - INTERNATIONAL STANDARD BOOK NUMBER
International Standard Book Number 9781408515594 (pbk)
040 ## - CATALOGING SOURCE
Original cataloging agency KMU
Transcribing agency KMU
Modifying agency KMU
Description conventions rda
050 ## - LIBRARY OF CONGRESS CALL NUMBER
Classification number QA 37
100 ## - MAIN ENTRY--PERSONAL NAME
Personal name Bostock,L.
245 ## - TITLE STATEMENT
Title Nelson mathematics 2 and 3 :for Cambridge International A Level:
Remainder of title pure mathematics/
Statement of responsibility, etc. L.Bostock,S.Chandler and T. Jennings
260 ## - PUBLICATION, DISTRIBUTION, ETC.
Place of publication, distribution, etc. Oxford:
Name of publisher, distributor, etc. Oxford University press,
Date of publication, distribution, etc. 2014.
300 ## - PHYSICAL DESCRIPTION
Extent v,162 p.:
Other physical details ill.;
Dimensions 25cm
500 ## - GENERAL NOTE
General note Includes an index
521 ## - TARGET AUDIENCE NOTE
Target audience note In
650 ## - SUBJECT ADDED ENTRY--TOPICAL TERM
Source of heading or term oclc
Topical term or geographic name entry element Nelson mathematics,
650 ## - SUBJECT ADDED ENTRY--TOPICAL TERM
Source of heading or term oclc
Topical term or geographic name entry element Pure Mathematics,
650 ## - SUBJECT ADDED ENTRY--TOPICAL TERM
Source of heading or term oclc
Topical term or geographic name entry element Cambridge International
700 ## - ADDED ENTRY--PERSONAL NAME
Personal name Chandler S.
700 ## - ADDED ENTRY--PERSONAL NAME
Personal name Jennings T.
942 ## - ADDED ENTRY ELEMENTS (KOHA)
Source of classification or shelving scheme Library of Congress Classification
Koha item type Non-Fiction
Suppress in OPAC No
Holdings
Withdrawn status Lost status Source of classification or shelving scheme Damaged status Not for loan Collection Home library Current library Shelving location Date acquired Source of acquisition Total Checkouts Full call number Barcode Date last seen Date last checked out Price effective from Koha item type
    Library of Congress Classification     Non-fiction Kapasa Makasa University Kapasa Makasa University Open Access 07.11.2023 ZLS 5 QA 37 Bos 300606 11.07.2025 25.06.2025 07.11.2023 Non-Fiction